Kvapôčky

Podrobná bibliografia
Hlavný autor: Bendová, Krista, 1923-1988 (Autor)
Ďalší autori: Schnitzer, Teodor, 1933-2003 (Ilustrátor)
Médium: Kniha
Jazyk:slovenčina
Fyzický popis:12 s. 8°
Vydavateľské údaje: Bratislava Mladé letá 1963
Predmet:

MARC

LEADER 00000nam a2200000 a 4500
001 vtls001266487
003 SK-MaSNL
005 20260301234600.0
008 240315s1963 xo slo
035 |a SNK000217431 
035 |a urn:nbn:sk:snk-amlqcx 
035 |a urn:nbn:sk:snk-am00c132 
035 |a 0B2910DE-762A-4ADD-A746-25CFD34FDD6A 
040 |a SNK  |b slo  |c SNK  |e AACR2 
041 0 |a slo 
044 |a xo  |c SK 
100 1 |a Bendová, Krista,  |d 1923-1988  |4 aut  |9 101774 
245 1 0 |a Kvapôčky  |c Krista Bendová ; ilustroval Teodor Schnitzer 
260 |a Bratislava  |b Mladé letá  |c 1963 
300 |a 12 s.  |c 8° 
655 7 |a slovenská poézia  |2 SNKPH  |9 70444 
655 7 |a poézia pre deti  |2 SNKPH  |9 86748 
655 7 |a leporelá  |2 SNKPH  |9 60414 
700 1 |a Schnitzer, Teodor,  |d 1933-2003  |4 ill  |9 259294 
852 |a Slovenská národná knižnica 
954 |a beletria pôvodná (slovenská)  |2 lita 
954 |a ilustrované knihy, leporelá, komiksy pôvodné (slovenské)  |2 lita 
958 |a OND 
958 |a EUIPO 
999 |c 970771  |d 972701 
952 |t P60, <03>, [BOOK], {603}  |a SNK  |b SNK  |y PREZ  |7 0  |p 17A0754079  |o snkSD 24502  |i snkKSP 5361/63  |0 0  |1 0  |4 0  |d 1996-11-18  |f 1  |l 0  |r 2005-01-01 00:00:00  |w 2026-02-24 
952 |t P60, <04>, [BOOK], {604}  |a SNK  |b SNK  |y VYP  |7 0  |o snkSD 24502 D1  |i snkKSP 5362/63  |0 0  |1 0  |4 0  |d 1996-11-18  |l 0  |r 2005-01-01 00:00:00  |w 2026-02-24 
952 |t P60, <04>, [BOOK], {604}  |a SNK  |b SNK  |y VYP  |7 0  |p 17A0178439  |o snkSD 24502 D1  |0 0  |1 0  |4 0  |d 1999-01-25  |l 0  |r 2005-01-01 00:00:00  |w 2026-02-24